|
|
|
|
| LEADER |
00000nas a2200000 a 4500 |
| 001 |
ssj0006251 |
| 003 |
WaSeSS |
| 005 |
20200512172242.0 |
| 006 |
m d |
| 007 |
cr n |
| 008 |
740221c19699999coumn p s 0 a0eng c |
| 010 |
|
|
|a 2013236806
|
| 022 |
|
|
|y 0015-511X
|
| 035 |
|
|
|a (WaSeSS)ssj0006251
|
| 040 |
|
|
|a KQW
|b eng
|e pn
|c KQW
|d WEA
|d NOC
|d UKBOL
|d OCLCQ
|d OCLCF
|d COO
|d OCLCO
|d NOC
|d OCLCQ
|d OCLCO
|d OCLCQ
|d OCLCO
|d XFH
|d OCLCO
|d UEJ
|d OCLCQ
|d OCLCO
|d OCLCQ
|d OCLCA
|d AU@
|d OCLCO
|d AUD
|d DYJ
|d Z5A
|d WT2
|d ZAC
|d U3W
|d UOK
|d VT2
|d REC
|d TOF
|d WYU
|d OCLCA
|d OCLCQ
|d OCLCO
|d CNMTR
|d OCLCA
|d OCLCQ
|d SFB
|d OCLCQ
|d OCLCA
|d WaSeSS
|
| 042 |
|
|
|a pcc
|
| 050 |
1 |
4 |
|a LC3950
|b .F63
|
| 060 |
0 |
0 |
|a W1
|b FO1003K
|
| 245 |
0 |
0 |
|a Focus on exceptional children
|h [electronic resource].
|
| 260 |
|
|
|a Denver, Colo. :
|b Love Pub. Co.
|
| 310 |
|
|
|a Monthly (except June-Aug.)
|
| 362 |
1 |
|
|a Began with v. 1 (Mar. 1969).
|
| 500 |
|
|
|a Academic Journal.
|
| 506 |
|
|
|a License restrictions may limit access.
|
| 588 |
0 |
|
|a Vol. 34, no. 2 (Oct. 2001); title from caption.
|
| 588 |
1 |
|
|a Vol. 44, no. 9 (May 2012) (viewed Jan. 11, 2013).
|
| 650 |
|
0 |
|a Special education
|v Periodicals.
|
| 650 |
|
0 |
|a Exceptional children
|v Periodicals.
|
| 650 |
|
2 |
|a Education of Intellectually Disabled.
|
| 650 |
|
2 |
|a Intellectual Disability.
|
| 650 |
|
6 |
|a Éducation spéciale
|v Périodiques.
|
| 650 |
|
7 |
|a Exceptional children.
|2 fast
|0 (OCoLC)fst00917602
|
| 650 |
|
7 |
|a Special education.
|2 fast
|0 (OCoLC)fst01128842
|
| 653 |
|
|
|a Education
|
| 655 |
|
0 |
|a Electronic journals.
|
| 776 |
0 |
8 |
|i Print version:
|t Focus on exceptional children
|x 0015-511X
|w (DLC) 2004204772
|w (OCoLC)809741
|
| 856 |
4 |
0 |
|z Full text available from Research Library: 09/01/1997 to 11/30/2012
|u https://search.proquest.com/publication/48488
|